| 000 | 00466nam a2200193Ia 4500 | ||
|---|---|---|---|
| 005 | 20240823015717.0 | ||
| 008 | 240823s9999||||xx |||||||||||||| ||und|| | ||
| 020 | _a81-7446-340-2 | ||
| 041 | _aENGLISH | ||
| 082 | _A658.408 P4 | ||
| 100 | _aUberoi N K | ||
| 245 | 0 | _aEnvironmental Management | |
| 250 | _a2nd | ||
| 260 |
_c2004 _b"Excel,New " _aNew Delhi |
||
| 500 | _aYES | ||
| 650 |
_aEnvironment Engg _bManagement Studies |
||
| 942 | _cBK | ||
| 999 |
_c173058 _d173058 |
||